1105 1980 1363 1354 1827 1804 1305 1472 1563 1758 1281 1514 1734 1376 1948 1172 1002 1525 1480 1879 1143 1587 1219 1810 1648 1451 1821 1431 1902 1933 1574 1903 1257 1943 1306 1044 1503 1899 1690 1505 1276 1266 1922 1652 1504 1673 1690 1655 1003 1685 1418 1760 1361 1645 1366 1389 1106 1741 1352 1852 1978 1934 1100 1615 1186 1414 1029 1526 1832 1441 1320 1841 1484 1454 1974 1692 1831 1619 1214 1035 1533 1005 1623 1952 1703 1652 1222 1449 1073 1543 1208 1998 1861 1970 1850 1476 1455 1945 1013 BCNSPRNW ULIB Ver.6.0+V

เปลี่ยนเป็นภาษาไทย

Change to English
 แสดงรายละเอียดบรรณานุกรม
  กลับหน้าหลัก

Brief Record : Get Marc (ISO 2709) : E-mail record : QR code < ปิดหน้าต่าง
LEADER : 00000nam 2200000uu 4500
001    13399124503
003     ULIB
008    020711s2556 th a 000 0 tha d
020    978974980421X
020    9789749804216
090    นว.^bล158ด ล.3
100    ล่อร่า อิงกัลล์ส์ ไวล์เดอร์;^eผู้แต่ง
245    เด็กชายชาวนา/^cล่อร่า อิงกัลล์ส์ ไวล์เดอร์. ; เขียน ,สุคนธรส. ; แปล
250    พิมพ์ครั้งที่10
260    กรุงเทพฯ :^bแพรวเยาวชน,^c2556
300    289 หน้า;^b18.5 ซม.
500    หนังสือชุดบ้านเล็ก
700    สุคนธรส ;^eแปล
945    ^p185^l0^i039774
999    ^aทศพร
รายการนี้ยังไม่มีแท็ก
คุณยังไม่ได้ล็อกอิน คุณสามารถมีกิจกรรมร่วมกับเว็บไซต์ได้ แต่ต้องล็อกอินก่อน ::
  ล็อกอิน

รายการสื่อสารสนเทศ

ลำดับที่ ประเภท เลขเรียก/บาร์โค้ด สถานที่ สถานะ
1. นวนิยาย
นวนิยาย
นว. ล158ด ล.3 ฉ.1 
  Barcode: 039774
ห้องสมุดวิทยาเขตสวรรค์ประชารักษ์
►นวนิยาย
บนชั้น
  ขอยืม

BibComment


ยังไม่เคยถูกคอมเมนท์

คอมเมนท์ทรัพยากรรายการนี้
  คอมเมนท์: เด็กชายชาวนา ล่อร..


 Copyright 2026. Bcnsprnw @Library